[Event "Voskresensk"]
[Site "Voskresensk"]
[Date "1993.??.??"]
[Round "?"]
[White "Danielian, Oganes"]
[Black "Belikov, Vladimir"]
[Result "1-0"]
[WhiteElo "2460"]
[BlackElo "2450"]
[Annotator "Belov,I"]
[PlyCount "115"]
[EventDate "1993.??.??"]
[EventType "tourn"]
[EventRounds "11"]
[EventCountry "RUS"]
[EventCategory "9"]
[SourceTitle "CBM 038"]
[Source "ChessBase"]
[SourceDate "1994.02.01"]
[SourceVersion "1"]
[SourceVersionDate "1994.02.01"]
[SourceQuality "1"]

1. d4 d6 2. Nf3 Bg4 3. c4 Nd7 4. Qb3 Rb8 5. h3 (5. Be3 c6 6. Nc3 Ngf6 7. Nd2 b5
$5 8. cxb5 cxb5 9. d5 Nc5 $13 {Krasenkov,M-Nesterov,J Katowice 1993/}) (5. g3
g6 6. Nbd2 Bg7 7. h3 Bxf3 8. Nxf3 c5 9. e3 Ngf6 10. Be2 O-O 11. O-O e5 12. Rd1
Qe7 13. Bf1 a6 $13 {Vyzmanavin,A-Gofshtein,L Debrecen 1992/}) 5... Bh5 (5...
Bxf3 6. Qxf3 g6 7. Nc3 Bg7 8. e3 c5 9. d5 Bxc3+ 10. bxc3 Qa5 11. Bd2 Ngf6 12.
Qd1 Ne4 13. Bd3 f5 14. O-O Ne5 15. Be1 $14 {Flear,G-Adams,M London 1990 Inf 49/
677/}) 6. Bf4 $5 (6. g4 Bg6 7. Bg2 e5 8. Be3 $1 c6 9. O-O a6 10. Nc3 Qc7 11.
Rad1 $14 {Ivanov,V.L-Vorotnikov,V SSSR 1991 Inf 54/64/}) 6... c6 7. g4 Bg6 8.
Nc3 Ngf6 9. Bg2 Qa5 $146 (9... h6 10. O-O Ne4 11. Nxe4 Bxe4 12. Qe3 Nf6 13. c5
e6 14. Qa3 Nd5 15. Bxd6 Bxd6 16. cxd6 $14 {Schmidt,Wl-Mainka,R Katowice 1993/})
10. O-O e5 11. Bg3 $1 Be7 $6 (11... exd4 12. Nxd4 Be7 13. f4 Nc5 14. Qd1 Nfe4
15. Nxe4 Nxe4 16. Bh2 f5 $14) 12. c5 $1 $16 O-O (12... exd4 13. cxd6 dxc3 14.
dxe7 cxb2 15. Qxb2 $16) (12... dxc5 13. dxe5 $16) 13. Rfd1 $1 Rfe8 (13... Qc7
14. cxd6 Bxd6 15. dxe5 Bxe5 (15... Nxe5 16. Rxd6 $18) 16. Nxe5 Nxe5 17. Rac1
$16) 14. cxd6 Bxd6 15. dxe5 Bxe5 16. Nxe5 Nxe5 17. a4 $5 (17. f4) 17... Re7 18.
Rd4 $1 Rbe8 19. f4 Nexg4 $8 (19... Ned7 20. f5 $18) 20. hxg4 Nxg4 21. Qb4 $1
Qxb4 $6 (21... Qc7 22. Rc1 Ne3) 22. Rxb4 Ne3 23. Rc1 Nc2 24. Rc4 Ne3 25. Rc5 $1
Nxg2 26. Kxg2 Be4+ 27. Kf2 h6 (27... Rd7 28. Re5 Rxe5 29. fxe5 Bf5 30. Rd1 $16)
28. Rd1 f6 29. Rd6 Kf7 30. Rc4 Bh7 (30... Bf5 $5) 31. a5 $1 a6 32. Rcd4 g5 (
32... Bf5 33. Rd8 g5 34. Rxe8 Rxe8 35. e4 Bc8 36. f5 $18) 33. fxg5 hxg5 34. Rd7
Bf5 35. Rxe7+ Rxe7 36. Na4 Be4 $6 (36... Bc8 37. Nc5 Re8 38. Rd6 {/\e4,e5/})
37. Nc5 Bf5 38. Bd6 $18 Re8 39. Nxb7 Bc8 40. Bc5 $1 Bxb7 41. Rd7+ Ke6 42. Rxb7
f5 43. Ra7 f4 44. Rxa6 Kd5 45. b4 Rh8 46. Ra7 g4 47. Rg7 Rh2+ 48. Kf1 f3 49.
exf3 gxf3 50. a6 Ra2 51. a7 Ke4 52. Rg8 Ra1+ 53. Kf2 Ra2+ 54. Kg1 Ra1+ 55. Kh2
$1 Ra2+ 56. Kh3 Ra3 57. Bf2 c5 58. a8=Q+ 1-0

[Event "Rubinstein Memorial"]
[Site "Polanica Zdroj"]
[Date "1993.??.??"]
[Round "2"]
[White "Hansen, Lars Bo"]
[Black "Hickl, Joerg"]
[Result "0-1"]
[WhiteElo "2560"]
[BlackElo "2570"]
[Annotator "Belov,I"]
[PlyCount "80"]
[EventDate "1993.08.??"]
[EventType "tourn"]
[EventRounds "11"]
[EventCountry "POL"]
[EventCategory "13"]
[SourceTitle "CBM 037"]
[Source "ChessBase"]
[SourceDate "1993.12.01"]
[SourceVersion "1"]
[SourceVersionDate "1993.12.01"]
[SourceQuality "1"]

1. d4 {Ribli} d6 2. Nf3 Bg4 3. e4 Nf6 4. h3 (4. Nc3 e6 5. h3 Bh5 6. Bd3 (6. Bg5
$146 Be7 7. Be2 d5 8. exd5 Nxd5 9. Nxd5 exd5 10. Bxe7 Qxe7 11. O-O O-O 12. Re1
Qb4 $6 13. Ne5 Bg6 14. Bf3 c6 15. Re3 $16 {Andersson,U-Gdanski,J Polanica
Zdroj 1993 12...Qd6=/}) (6. Qe2 c6 (6... a6 $5 7. g4 Bg6 8. h4 h5 9. g5 Nfd7
10. Bh3 b5 11. a3 Be7 12. Bf4 (12. O-O Nb6 13. Ne1 Nc6 $5 14. f4 Nxd4 $13 {
Pedersen,S-Jansa,V Gausdal 1991/}) 12... Nb6 13. Bg3 c6 14. O-O O-O 15. Nd2 d5
$10 {Polgar,Zs-Anand,V Amsterdam 1990/}) 7. g4 Bg6 8. Bg5 (8. h4 h5 9. g5 Nfd7
10. Bh3 Be7 11. Be3 d5 12. Nd2 b5 13. a3 Nb6 14. O-O N8d7 $13 {Lagunov,
A-Gausel,E Berlin 1991/}) 8... Nbd7 (8... Be7 9. Bxf6 gxf6 10. h4 h6 11. O-O-O
Nd7 12. Kb1 Qc7 13. Rg1 $14 {Rogers,I-Milos,G Manila 1992 Inf 55/124/}) 9. Bg2
Be7 10. Nd2 e5 11. Be3 Nf8 $1 12. O-O-O N6d7 13. Nb3 Ne6 14. h4 h6 15. Rd2 Nf4
$1 $10 {Lutz,Ch-Epishin,V Tilburg 1992 Inf 56/127/}) 6... Be7 7. Be3 c6 8. Qe2
d5 9. a3 Bg6 10. exd5 Nxd5 11. Nxd5 Bxd3 12. Nf6+ Bxf6 13. Qxd3 Nd7 14. O-O O-O
$10 {Andersson,U-Lau,P Dortmund 1987/}) 4... Bh5 5. Bd3 {Kasparov/} e6 6. c4
Nc6 $5 $146 (6... Be7 7. Nc3 Nc6 8. Be3 O-O 9. Qe2 Bg6 10. Rd1 d5 11. cxd5 exd5
12. e5 Ne4 13. O-O Qd7 14. Bc1 f5 $2 15. Nxd5 $1 $18 {Kasparov,G-Anand,V Paris
1992; >=14...Nc3 15.bc Nd8 /}) (6... Be7 $6 $14 {Ribli Kasparov,G-Anand,V/
Paris Immopar 25'/1992/CBM33/}) 7. Be3 (7. g4 Bg6 8. Nc3 d5 9. cxd5 exd5 10. e5
Ne4 $13) 7... Bxf3 8. Qxf3 g6 $1 9. Na3 (9. Nc3 Bg7 10. O-O (10. Rd1 $13 {Ribli
}) 10... O-O 11. Qe2 e5 12. d5 Nd4 $10) (9. Nd2 {Ribli} Bg7 10. Qd1 Nd7 11. Nf3
e5 12. d5 Nd4 $13) 9... Bg7 10. Nc2 O-O 11. O-O a5 $10 12. Qe2 (12. a3 {Ribli}
a4 13. Rad1 Nd7 $13) 12... Nd7 {/\13...e5 14.d5 Nd4=/} 13. f4 (13. Rad1 $5 {
Ribli}) 13... Nb4 (13... e5 $5 14. d5 (14. fxe5 dxe5 15. d5 Nd4 16. Qf2 Nc5 17.
Rad1 f5 $17) 14... Nd4 15. Nxd4 exd4 16. Bd2 Nc5 $10) 14. a3 (14. Nxb4 axb4 15.
Qd2 (15. f5 {Ribli} exf5 16. exf5 c5 $13) 15... c5 16. dxc5 Nxc5 $15) 14...
Nxd3 (14... Nxc2 15. Bxc2 c5 16. Qd2 cxd4 17. Bxd4 Bxd4+ 18. Qxd4 Qb6 $10) 15.
Qxd3 a4 16. Rad1 Qe7 17. Bf2 (17. Qe2 $5) (17. f5 {Ribli} exf5 18. exf5 Rae8
$13) 17... Rfd8 18. Qe2 Nb6 19. Ne1 $6 (19. c5 $5 Nd7 (19... dxc5 20. dxc5 Nd7
21. c6 bxc6 22. e5 $14) 20. c6 bxc6 21. Nb4 Nb8 22. Qc2 $14) 19... Bh6 $1 20.
Bg3 (20. Be3 {Ribli} f5 $1) 20... Re8 21. Nf3 f5 $1 $15 22. Bh4 (22. exf5 exf5
$17) (22. e5 d5 23. c5 Nc4 24. Nd2 $15) 22... Qd7 23. c5 (23. Nd2 $5) (23. exf5
{Ribli} exf5 $15) 23... fxe4 24. Nd2 (24. Qxe4 Nd5 25. Bg5 Bg7 $15) 24... e3 $1
(24... Nd5 25. Nxe4 Rf8 26. Bg5 Bg7 $15) 25. cxb6 (25. Ne4 Nd5 26. Nf6+ Nxf6
27. Bxf6 Rf8 28. Bg5 Bxg5 29. fxg5 Rf5 30. Qxe3 Raf8 $17) 25... exd2 26. bxc7
Qxc7 27. Rxd2 Rac8 $17 28. Qf3 Rf8 29. Qe4 Rce8 30. Bg3 Qb6 31. Kh1 d5 32. Qd3
Qa6 $1 33. Qf3 (33. Qxa6 bxa6 34. Rc2 Rc8 35. Rfc1 Rxc2 36. Rxc2 Bxf4 37. Bxf4
Rxf4 38. Rc6 Kf7 $19) 33... Rf6 34. Re2 $6 (34. Rdf2 $5 Ref8 35. Qe3 $17) 34...
Ref8 35. Qe3 $2 (35. Qg4 $17) 35... g5 $19 36. Ref2 gxf4 37. Bxf4 Rxf4 38. Qg3+
(38. Rxf4 {Ribli} Qxf1+ $19) 38... Kh8 39. Rxf4 Qxf1+ $1 40. Rxf1 Rxf1+ (40...
Rxf1+ 41. Kh2 Bf4 $19) 0-1

[Event "GER-ch U20"]
[Site "Germany"]
[Date "1991.??.??"]
[Round "?"]
[White "Gueldner, Kurt"]
[Black "Bezold, Michael"]
[Result "0-1"]
[WhiteElo "2310"]
[BlackElo "2355"]
[Annotator "Bezold,M"]
[PlyCount "80"]
[EventDate "1991.??.??"]
[EventType "swiss"]
[EventRounds "9"]
[EventCountry "GER"]
[SourceTitle "TD"]
[Source "ChessBase"]
[SourceDate "1994.03.01"]
[SourceVersion "1"]
[SourceVersionDate "1994.03.01"]
[SourceQuality "1"]

1. d4 d6 2. c4 e5 3. dxe5 dxe5 4. Qxd8+ Kxd8 {[#](Dieses Abtauschsystem ist,
im Vergleich zum normalen Altindisch mit Sc3/Sf6, noch angenehmer zu spielen
für Schwarz, denn man kann mit f6 und c6 die wichtigsten Zentrumsfelder
kontrollieren. Die schwarze Idee besteht darin,)} 5. g3 {(Plant den Abtausch
durch Lh3.)} Be6 {(Dies' ist ein Tempoverlust, da Weiß sowieso 6. b3 spielt
und dann die Läufer tauscht.)} 6. b3 a5 {(Dies' ist verfrüht. Besser ist 6. ...
c6)} 7. Bb2 f6 8. Nc3 c6 9. Bh3 {(Der erzwungene Abtausch, aber nun steht der
weiße Springer auf h3 schlecht.)} Bxh3 10. Nxh3 Nd7 11. O-O-O Kc7 12. Rd2 {
(Weiß hat Entwicklungsvorsprung und sollte daher das Spiel mit 11. f4 öffnen,
obwohl schwarz die e-Linie und vorallem den Punkt e5 hat.)} Nh6 13. Rhd1 Rd8 {
(13. ... Sc5 ist wegen 14. Sa4! Sa4: 15. Td7+ unangenehm.)} 14. e4 $2 {[#]
(Dies' ist ein schlechter Zug. Er schwächt das feld d4 und wird selbst zur
potentiellen Schwäche.)} Nf7 {(Schwarz strebt wegen dieser Gründe nun den
Abtausch eines Turmpaares an.)} 15. Ng1 {(Weiß will seinen Springer besser
stellen.)} Bc5 16. Na4 Bb4 17. Bc3 {(Dies' erleichtert nun die schwarze
Strategie.)} Bxc3 18. Nxc3 Nc5 19. h4 $6 {(Dies' verhindert zwar Sg5, aber
bildet nun am Königsflügel ein neues Angriffsziel.)} h5 $1 20. Nge2 Rxd2 21.
Rxd2 {(Ein andere Möglichkeit bildet 21. Kd2, um den König nach e3 zu bringen.
Weiß muß ständig auf Drohungen wie 21. ... Td8+ 22. Ke3 Sd6 nebst Sce4
aufpassen.)} g5 22. f3 {(22. hg5: fg5: gibt Schwarz die Möglichkeit zur
Bildung eines entfernten Freibauern.)} Nd6 23. Kc2 {(Weiß fügt sich seinem
Schicksal und gibt e4 kampflos auf, aber es war sowieso guter Rat teuer.)} g4
24. fxg4 Ndxe4 $1 {(Dies' forciert das Geschehen und verbessert die
Figurenstellung.)} 25. Rd1 {(Besser ist 25. Se4: Se4: 26. Te1)} Nf2 26. Rf1
Nxg4 {(Die Springer stehen ideal!)} 27. Nd1 Rd8 {(Droht 28. ... Td1: 29. T/Kd1:
Se3 -+)} 28. Rf3 f5 29. Nec3 {(29. Tf5: Td1: 30. Tf7+ Td7 -+)} Ne6 {(Dieser
Springer strebt nun nach d4!)} 30. Rf1 Nd4+ 31. Kb2 Kd6 {[#](Der Rest ist
Sache der Technik, Schwarz bringt den Sieg sicher nach Hause.)} 32. a3 b5 {
(Um das Gegenspiel mit Sa4 zu verhindern.)} 33. cxb5 cxb5 34. Rg1 Ke6 {(Mit
der Drohung 35. ... b4! 36. ab4: ab4: 37. Sa2 Se2 -+)} 35. b4 axb4 36. axb4 {
(Noch eine Schwäche!)} e4 37. Re1 Ne5 {(Das Ende naht!)} 38. Rg1 Nd3+ 39. Kb1
Nxb4 40. Ne3 Nd3 {[#](Schwarz kann beliebig mit b4 oder Tg8 nebst f4 gewinnen,
deshalb ...)} 0-1

[Event "YUG-ch"]
[Site "Tivat"]
[Date "1994.??.??"]
[Round "5"]
[White "Vukic, Milan"]
[Black "Barlov, Dragan"]
[Result "1/2-1/2"]
[WhiteElo "2425"]
[BlackElo "2500"]
[Annotator "Blatny,P"]
[PlyCount "69"]
[EventDate "1994.03.??"]
[EventType "tourn"]
[EventRounds "13"]
[EventCountry "YUG"]
[EventCategory "10"]
[SourceTitle "CBM 043"]
[Source "ChessBase"]
[SourceDate "1994.12.01"]
[SourceVersion "1"]
[SourceVersionDate "1994.12.01"]
[SourceQuality "1"]

1. Nf3 d6 2. d4 Bg4 3. e4 Nf6 4. Nc3 c6 5. h3 Bh5 6. Qe2 e6 7. g4 Bg6 8. h4 h5
(8... h6 9. h5 Bh7 10. g5 hxg5 11. Bxg5 Qa5 $13 {Goldin}) 9. g5 Nfd7 10. Bh3
Be7 11. Be3 d5 12. Nd2 Nb6 (12... Bb4 $6 13. O-O $1 Bxc3 14. bxc3 dxe4 15. Bg2
Qa5 16. Bxe4 O-O (16... Bxe4 17. Nxe4 Qd5 $2 18. Bf4 O-O 19. c4 $1 Qxd4 20. c3
Qb6 21. Qxh5 $18) (16... Qxc3 17. Bxg6 fxg6 18. Ne4 $16) 17. Qd3 Bxe4 18. Nxe4
Qf5 19. f3 Qh3 20. Rf2 f5 $8 21. gxf6 Nxf6 22. Bg5 Nxe4 23. fxe4 $16) 13. f4
dxe4 14. Ncxe4 (14. Ndxe4 Na6 15. O-O Nc7 16. f5 exf5 17. Bxf5 Bxf5 18. Rxf5 g6
19. Rf2 O-O 20. Raf1 $14) 14... Nd5 $5 (14... N8d7 15. c4 $16) (14... Qd5 $6
15. Bg2 Qb5 $2 16. Qxb5 cxb5 17. Nc3 b4 18. Nb5 $18) 15. c3 (15. O-O $142 $5
Nd7 (15... Bf5 $5) 16. f5 Bxf5 17. Bxf5 exf5 18. Rxf5 O-O 19. Raf1 $14) 15...
Bf5 $1 16. Bg2 Nd7 17. Ng3 Bg4 18. Qf2 Qc7 19. O-O g6 $13 20. Nc4 Bf8 21. Ne4
Bf5 22. Rad1 N7b6 23. Ne5 Bxe4 24. Bxe4 Nxe3 25. Qxe3 O-O-O 26. c4 Bg7 27. b3
Kb8 28. Bg2 Rhf8 29. Rd3 Nc8 30. Rfd1 Ne7 31. Bh3 Nc8 32. Kh2 Nb6 33. Bg2 Nd7
34. Kg3 Nxe5 35. dxe5 1/2-1/2

[Event "Policka"]
[Site "Policka"]
[Date "1993.??.??"]
[Round "3"]
[White "Vasilchenko, Oleg"]
[Black "Hausner, Ivan"]
[Result "1-0"]
[WhiteElo "2425"]
[BlackElo "2465"]
[Annotator "Bulletin"]
[PlyCount "37"]
[EventDate "1993.??.??"]
[EventType "tourn"]
[EventRounds "9"]
[EventCountry "CZE"]
[EventCategory "5"]
[SourceTitle "CBM 038"]
[Source "ChessBase"]
[SourceDate "1994.02.01"]
[SourceVersion "1"]
[SourceVersionDate "1994.02.01"]
[SourceQuality "1"]

1. d4 d6 2. Nf3 Bg4 3. g3 Qc8 4. h3 Bxf3 5. exf3 d5 6. Be3 e6 7. Bd3 Bd6 8. Qe2
Ne7 9. Nd2 Nd7 10. f4 c5 11. c4 cxd4 12. Bxd4 O-O 13. Rc1 Nc6 14. Bxg7 $1 Kxg7
15. cxd5 exd5 $6 (15... Nf6 16. dxc6 bxc6 17. O-O (17. Ne4 Bb4+ 18. Kf1 $16))
16. Qg4+ Kh8 17. Qf5 Kg7 $2 (17... Re8+ 18. Kd1 Nf8 19. Qf6+ Kg8 20. Qxd6 $16)
18. Qxh7+ Kf6 19. Qh4+ 1-0

[Event "Porz op 28th"]
[Site "Cologne"]
[Date "1992.??.??"]
[Round "8"]
[White "Grigore, George Gabriel"]
[Black "Vatter, Hans Joachim"]
[Result "1/2-1/2"]
[WhiteElo "2410"]
[BlackElo "2300"]
[Annotator "Bulletin"]
[PlyCount "137"]
[EventDate "1992.??.??"]
[EventType "swiss"]
[EventRounds "9"]
[EventCountry "GER"]
[SourceTitle "TD"]
[Source "ChessBase"]
[SourceDate "1994.03.01"]
[SourceVersion "1"]
[SourceVersionDate "1994.03.01"]
[SourceQuality "1"]

1. d4 d6 2. Nf3 Bg4 3. e4 Nf6 4. Nc3 e6 5. Be2 Be7 6. Bg5 c6 7. Qd2 d5 8. e5
Nfd7 9. Bxe7 Qxe7 10. Ng5 Bxe2 11. Nxe2 c5 12. c3 Nc6 13. O-O h6 14. Nf3 O-O
15. Nf4 cxd4 16. cxd4 Rac8 17. a3 Rc7 18. Rfe1 Rfc8 19. Nh5 Nf8 20. h4 Ng6 21.
g3 Qd8 22. Nh2 Nce7 23. Rac1 Nf5 24. Nf3 Rc6 25. Rxc6 Rxc6 26. Rc1 Qc7 27. Rxc6
Qxc6 28. Kg2 Qc4 29. Qd1 a5 30. Kh3 Nfe7 31. g4 Nc6 32. Qd2 Kf8 33. Kg2 Qb3 34.
Ng3 Qd3 35. Qc1 Qc4 36. Qe3 Qc2 37. h5 Nge7 38. Qe2 Qc4 39. Qd2 Ke8 40. g5 Ng8
41. Nf1 hxg5 42. Qxg5 Kf8 43. Qd2 Nh6 44. Ne3 Qb3 45. Ng1 Qb6 46. Ne2 Qd8 47.
Nf1 Nf5 48. Nfg3 Qh4 49. Nxf5 Qe4+ 50. f3 Qxf5 51. Ng3 Qh7 52. f4 Qb1 53. f5
exf5 54. h6 gxh6 55. Qxh6+ Ke8 56. Qh8+ Kd7 57. Qf6 Qxb2+ 58. Kh3 Qxa3 59.
Qxf5+ Kc7 $6 (59... Ke8 $17) 60. Qxf7+ Qe7 61. e6 Kb6 62. Nf5 Qg5 63. e7 Nxe7
64. Nxe7 Qe3+ 65. Kg2 Qe2+ 66. Kg3 Qe3+ 67. Kg2 Qe2+ 68. Kg3 Qe3+ 69. Kg2
1/2-1/2

[Event "POL-ch 52nd"]
[Site "Warsaw"]
[Date "1995.??.??"]
[Round "6"]
[White "Kempinski, Robert"]
[Black "Czerwonski, Aleksander"]
[Result "1-0"]
[WhiteElo "2435"]
[BlackElo "2370"]
[Annotator "Bulletin"]
[PlyCount "93"]
[EventDate "1995.02.11"]
[EventType "tourn"]
[EventRounds "17"]
[EventCountry "POL"]
[EventCategory "8"]
[SourceTitle "EXT 1999"]
[Source "ChessBase"]
[SourceDate "1998.11.16"]
[SourceVersion "1"]
[SourceVersionDate "1998.11.16"]
[SourceQuality "1"]

1. Nf3 d6 2. d4 Bg4 3. c4 Nd7 4. d5 c5 5. Nc3 Ngf6 6. Bg5 e5 7. Nd2 Be7 8. f3
$5 Bh5 9. Be3 $1 (9. e4 $2 Nxd5 $1 10. Bxe7 Nxc3 11. Bxd8 Nxd1) 9... Bg6 10.
Bf2 e4 $6 11. f4 Ng4 $6 12. Ndxe4 Bxe4 13. Nxe4 f5 14. e3 $1 Qb6 15. Rb1 Qb4+
16. Nd2 O-O 17. Bd3 Nxf2 18. Kxf2 Rae8 19. Re1 g6 20. h3 Nf6 21. Qc2 Bd8 22. a3
Qa5 23. g3 Qc7 24. Kg2 Qg7 25. Re2 Kh8 26. Rf1 a6 27. Qc3 Rf7 28. Nf3 Ne4 29.
Qxg7+ Kxg7 30. Bxe4 Rxe4 31. Nd2 Re8 32. e4 Bf6 33. b3 Rfe7 34. Rfe1 Bc3 35. e5
$1 dxe5 36. d6 Re6 37. fxe5 Kf7 38. Nf3 $1 h6 (38... Bxe1 39. Ng5+ Kf8 40.
Nxe6+ Rxe6 41. Rxe1 $18) 39. Rd1 Rd8 40. Rd5 b6 41. Rd3 Ba5 42. Rb2 b5 43. cxb5
axb5 44. b4 cxb4 45. axb4 Bb6 46. Rd5 g5 47. g4 1-0

[Event "EU-chT (Men) 10th"]
[Site "Debrecen"]
[Date "1992.11.??"]
[Round "7.1"]
[White "Ivanchuk, Vassily"]
[Black "Speelman, Jonathan S"]
[Result "1-0"]
[WhiteElo "2720"]
[BlackElo "2630"]
[Annotator "Bulletin"]
[PlyCount "72"]
[EventDate "1992.11.20"]
[EventType "team-swiss"]
[EventRounds "9"]
[EventCountry "HUN"]
[SourceTitle "EU-chT"]
[Source "ChessBase"]
[SourceDate "1999.07.01"]
[SourceVersion "2"]
[SourceVersionDate "1999.07.01"]
[SourceQuality "1"]
[WhiteTeam "Ukraine"]
[BlackTeam "England"]
[WhiteTeamCountry "UKR"]
[BlackTeamCountry "ENG"]

1. d4 d6 2. Nf3 Bg4 3. c4 Nd7 4. g3 Bxf3 5. exf3 g6 6. Bg2 Bg7 7. O-O (7. f4 $5
) 7... Nh6 8. f4 Nf5 (8... c6 $5 {/\ Nf5} 9. g4 $5 (9. d5 cxd5 10. cxd5 (10.
Qxd5 $5 Nc5 11. Nd2 Rc8) 10... Nf5 11. Nc3) 9... Qb6 10. Be3 f5 $13) 9. Bxb7
Rb8 10. Bg2 Nxd4 11. Nc3 O-O 12. Rb1 c6 13. b3 Qc7 14. Bb2 Nc5 15. h4 Qa5 (
15... e5 $5 16. h5 (16. fxe5 dxe5 {/\ Rfd8}) 16... f5 $5 (16... exf4 $6 17. h6
$13) (16... Rfe8)) 16. Re1 e6 (16... Ndxb3 17. axb3 Bxc3 18. Bxc3 Qxc3 19. Rxe7
$16) (16... e5 17. Ne4 $1 Qxa2 18. Bxd4 exd4 19. Nxc5 dxc5 20. Bxc6 $14) (16...
Rfe8 $5) (16... Nf5 $5) 17. Ne2 Nxe2+ 18. Rxe2 Bxb2 19. Rexb2 d5 (19... Qc7 20.
Qd4 (20. h5 e5 {/\ Ne6}) 20... Nd7 21. h5 $14) 20. b4 Qa3 21. h5 dxc4 (21...
Qd3 $1 22. Rd2 Qf5 23. cxd5 cxd5 24. Bxd5 $1 $14) 22. Qd4 Nd3 (22... Na4 $8 23.
Rc2 Rfd8 24. Qxc4 Nb6 25. Qxc6 Qd3 $1 (25... Rbc8 26. Qe4 $16) 26. Qc3 (26.
hxg6 Rdc8 $1 27. gxf7+ Kxf7) 26... gxh5 $14) 23. h6 e5 (23... f6 24. Qd6) 24.
Qd6 Rfe8 25. Bxc6 Qa6 26. Re2 Qb6 27. Qf6 Kf8 28. Qg7+ Ke7 29. Bxe8 Rxe8 30.
Rxe5+ Kd6 31. Qf6+ Re6 32. Rxe6+ fxe6 33. Rf1 Kd5 34. Qg7 Ke4 35. Qxh7 e5 36.
Qf7 Kf3 1-0

[Event "British CF-70 Championship"]
[Site "Southport/ Merseyside"]
[Date "1983.08.15"]
[Round "7"]
[White "Murshed, Niaz"]
[Black "Botterill, George Steven"]
[Result "0-1"]
[WhiteElo "2380"]
[BlackElo "2410"]
[Annotator "Bulletin"]
[PlyCount "80"]
[EventDate "1983.08.08"]
[EventType "swiss"]
[EventRounds "11"]
[EventCountry "ENG"]
[SourceTitle "EXT 1999"]
[Source "ChessBase"]
[SourceDate "1998.11.16"]
[SourceVersion "1"]
[SourceVersionDate "1998.11.16"]
[SourceQuality "1"]

1. Nf3 g6 2. Nc3 Bg7 3. d4 d6 4. Bf4 a6 5. e4 Bg4 6. Bc4 e6 7. Qd2 $6 Bxf3 8.
gxf3 Nc6 9. Be3 Nge7 10. O-O-O Qd7 11. Kb1 d5 12. Bf1 h5 13. Rg1 Rd8 14. exd5
exd5 15. Ne2 Kf8 16. h4 Re8 17. Bg5 Kg8 18. c3 Kh7 19. Ng3 b5 20. Bd3 Kg8 21.
Rde1 b4 22. Bxa6 bxc3 23. bxc3 Rb8+ 24. Ka1 Nxd4 $1 25. cxd4 (25. Rxe7 Qa4 26.
Rb1 Nc2+ 27. Qxc2 Qxc2 28. Rxb8+ Kh7 29. Rxh8+ Kxh8 30. Ne2 Bxc3+ 31. Nxc3
Qxc3+ 32. Kb1 Qb4+ 33. Ka1 Qd4+ 34. Kb1 Qb6+ 35. Kc1 Qxa6 $19) 25... Qa4 26.
Re5 Nc6 27. Nf5 Nxd4 28. Qxd4 Qxd4+ 29. Nxd4 Bxe5 30. Be3 Rb4 31. Rd1 c5 32. f4
Bxd4+ 33. Bxd4 Rxd4 34. Rxd4 cxd4 35. a4 Kg7 36. Kb2 Ra8 37. Bb5 Kf6 38. Kc2
Kf5 39. Kd3 Kxf4 40. Kxd4 g5 0-1

[Event "BCF-ch 82nd"]
[Site "Swansea"]
[Date "1995.??.??"]
[Round "10"]
[White "Arkell, Keith C"]
[Black "Ledger, Andrew"]
[Result "1-0"]
[WhiteElo "2505"]
[BlackElo "2410"]
[Annotator "Bulletin"]
[PlyCount "95"]
[EventDate "1995.08.??"]
[EventType "swiss"]
[EventRounds "11"]
[EventCountry "WLS"]
[SourceTitle "EXT 1997"]
[Source "ChessBase"]
[SourceDate "1996.11.15"]
[SourceVersion "1"]
[SourceVersionDate "1996.11.15"]
[SourceQuality "1"]

1. d4 g6 2. c4 Bg7 3. Nf3 d6 4. g3 Bg4 5. Bg2 Nc6 6. d5 Ne5 7. Nxe5 Bxe5 8. Nc3
Qc8 9. h3 Bd7 10. Be3 c5 11. Qd2 a6 12. a4 b6 13. h4 h5 14. O-O Bg7 15. Rab1
Nh6 16. Bg5 Nf5 17. b4 cxb4 18. Rxb4 Nxg3 $1 {[#]Surely Arkell must have
missed this?!} 19. Rc1 f6 $6 {The idea is to go for the h-pawn, but this loses
a lot of time.} 20. Bf4 Nf5 21. Ne4 Nxh4 22. Bxd6 {simply} Bh3 (22... Nxg2 {
would have rendered White's king permanently weak.}) 23. Bh1 Bh6 24. Qc3 Bxc1
25. Qxc1 Nf5 26. Bf4 g5 27. Be3 Rb8 28. Bxb6 Nh4 29. Qe3 O-O 30. Kh2 Bf5 31. c5
Ng6 32. c6 a5 33. Rb5 Ne5 34. Qd4 Bg6 35. c7 Ra8 36. d6 {[#]} Qg4 37. dxe7 Qf4+
38. Kg1 Qc1+ 39. Kg2 Bxe4+ 40. Qxe4 Rfe8 41. Rd5 Qf4 42. Qxf4 gxf4 43. Kf1 f3
44. Rd8 Kf7 45. exf3 Nc4 46. Bc5 Rc8 47. f4 Ke6 48. Bd5+ {[#]} 1-0

[Event "Porz Citroen-Cup"]
[Site "Cologne"]
[Date "1993.??.??"]
[Round "6"]
[White "Grigore, George Gabriel"]
[Black "Seul, Georg"]
[Result "1/2-1/2"]
[WhiteElo "2455"]
[BlackElo "2425"]
[Annotator "Bulletin"]
[PlyCount "98"]
[EventDate "1993.??.??"]
[EventType "tourn"]
[EventRounds "9"]
[EventCountry "GER"]
[EventCategory "9"]
[SourceTitle "EXT 1999"]
[Source "ChessBase"]
[SourceDate "1998.11.16"]
[SourceVersion "1"]
[SourceVersionDate "1998.11.16"]
[SourceQuality "1"]

1. d4 d6 2. Nf3 Bg4 3. e4 Nf6 4. Nc3 e6 5. h3 Bh5 6. Qe2 Bxf3 7. Qxf3 c6 8. Bd3
Nbd7 9. g4 g6 10. h4 e5 11. d5 c5 12. h5 a6 13. hxg6 fxg6 14. g5 Nh5 15. Rxh5
gxh5 16. Qxh5+ Ke7 17. Ne2 (17. g6 Nf6 18. Bg5 Kd7 $1) 17... Qe8 18. Qh3 Kd8
19. f4 c4 20. Bxc4 exf4 21. Bd3 Bg7 22. Nxf4 Be5 23. Ne6+ Kc8 24. a4 Kb8 25. c3
Qc8 26. Bd2 Nc5 27. Bc2 Re8 28. O-O-O Nxe6 29. dxe6 Qxe6 30. Qxh7 Ra7 31. Qh5 (
31. Be3) 31... Rh8 32. Qf3 Ra8 33. Qf5 Qe7 34. Rf1 Kc7 35. Qf7 Rae8 36. Qc4+
Kb8 37. Rf7 Rh1+ 38. Bd1 Qd8 39. g6 (39. Be3 {/\ Bb6} Qc8 (39... Re7 $2 40. Bb6
Qg8 41. g6 Bf4+ 42. Kc2 Rh2+ 43. Kb3 Bc1 44. Bc2 Rxf7 45. gxf7 Qf8 46. Qc7+ Ka8
47. Qd7 $18) 40. Qb3 Qc6 41. g6 {siehe Partie}) 39... Qc8 40. Qb3 Qc6 41. Be3
Rh3 (41... Qxe4 $2 42. Qb6 Bd4 (42... Rxd1+ 43. Kxd1 Qh1+ 44. Kc2 Qg2+ 45. Kb3
Qd5+ 46. Ka3 $18) 43. Qxd6+ $1 (43. Bxd4 $4 Rxd1+ 44. Kxd1 Qd3+ 45. Kc1 Re1#)
43... Ka8 44. Qxd4 Qxe3+ 45. Qxe3 Rxe3 46. Rf8+ Ka7 47. g7 $18) 42. Rf3 Rxf3
43. Bxf3 Rf8 44. Qd1 Rg8 45. Qb3 Rxg6 46. Qf7 Rg7 47. Qf8+ Qc8 48. Ba7+ Kc7 49.
Bb6+ Kb8 1/2-1/2